000 00812cac a22002171u 4500
008 081106t1982 xxu||||| |||| 00| 0 eng d
010 _a81021886
020 _a0471081167
082 0 0 _a155
_bFIE
245 0 0 _aReview of human development /
_cedited by Tiffany M. Field ... [et al.].
260 _aNew York :
_bWiley,
_cc1982.
300 _axix, 664 p. :
_bill. ;
_c26 cm.
500 _a"A Wiley-Interscience publication."
500 _adistributer: Al-Ahram
504 _aIncludes bibliographies and indexes.
511 _acatalogued by: wessam
650 0 _aDevelopmental psychology.
_94231
700 1 _aField, Tiffany.
_94232
942 _cBB
_k155FIE
_2ddc
999 _c7357
_d7357